<?xml version="1.0" encoding="UTF-8"?>
<marc:record xmlns:marc="http://www.loc.gov/MARC21/slim">
   <marc:leader>00000nam a2200000 a 4500</marc:leader>
   <marc:datafield ind1="1" ind2=" " tag="100">
      <marc:subfield code="a">Puértolas, Romain</marc:subfield>
      <marc:subfield code="4">aut</marc:subfield>
      <marc:subfield code="e">Verfasser/-in</marc:subfield>
   </marc:datafield>
   <marc:datafield ind1="0" ind2="0" tag="245">
      <marc:subfield code="a">Die unglaubliche Reise des Fakirs, der in einem Ikea-Schrank feststeckte</marc:subfield>
   </marc:datafield>
   <marc:datafield ind1="0" ind2="0" tag="245">
      <marc:subfield code="b">Roman</marc:subfield>
   </marc:datafield>
   <marc:datafield ind1=" " ind2="1" tag="264">
      <marc:subfield code="a">Frankfurt am Main</marc:subfield>
      <marc:subfield code="b">Fischer</marc:subfield>
      <marc:subfield code="c">2014</marc:subfield>
   </marc:datafield>
   <marc:datafield ind1="1" ind2=" " tag="520">
      <marc:subfield code="a">Angaben aus der Verlagsmeldung&lt;br/&gt;&lt;br/&gt;Die unglaubliche Reise des Fakirs, der in einem Ikea-Schrank feststeckte : Roman Lextraordinaire voyage du fakir qui était resté coincé dans une armoire Ikea / von Romain Puértolas&lt;br/&gt;&lt;br/&gt;***Der Nr.1-Bestseller!***&lt;br/&gt;&lt;br/&gt;Ein irrsinniger Lesetrip  einmal um die halbe Welt und zurück: Die Geschichte eines Fakirs, der in einem Ikea-Schrank auf eine wundersame Reise gerät&lt;br/&gt;&lt;br/&gt;Ayarajmushee Dikku Pradash, charmanter Hochstapler in Turban und Seide sowie Träger eines Schnurrbarts beträchtlicher Größe, fliegt eines Tages aus Indien nach Paris. Er ist von Beruf Fakir und möchte sich bei Ikea ein brandneues Nagelbett zulegen: Modell Likstupikstå, schwedische Kiefer, 15 000 Nägel (rostfrei), Farbe: Puma-rot. Kaum am Flughafen Charles de Gaulle angekommen, handelt sich Ayarajmushee Ärger mit einem Taxifahrer ein, verliebt sich im Ikea-Bistro in die schöne Französin Marie, nistet sich über Nacht im Möbellager ein und versteckt sich in einem Ikea-Schrank. Prompt gerät er in diesem Schrank auf eine irrwitzige Reise, die ihn über England, Barcelona, Rom und Tripolis zurück nach Paris führt...&lt;br/&gt;&lt;br/&gt;Der große Überraschungshit aus Frankreich - ein Roman über das verrückte Leben in unserer globalisierten Welt  heiter, schnell, wundervoll überdreht.</marc:subfield>
   </marc:datafield>
   <marc:datafield ind1=" " ind2=" " tag="020">
      <marc:subfield code="a">9783100003959</marc:subfield>
      <marc:subfield code="9">9783100003959</marc:subfield>
   </marc:datafield>
   <marc:datafield ind1=" " ind2=" " tag="041">
      <marc:subfield code="a">ger</marc:subfield>
   </marc:datafield>
   <marc:datafield ind1="1" ind2=" " tag="521">
      <marc:subfield code="a">0</marc:subfield>
   </marc:datafield>
   <marc:datafield ind1=" " ind2=" " tag="300">
      <marc:subfield code="a">299 S.</marc:subfield>
   </marc:datafield>
</marc:record>
